[Event "Quebec-ch qual. 2"]
[Site "Montreal CAN"]
[Date "2005.05.13"]
[Round "1"]
[White "Duplessis, Jean-Roch"]
[Black "Ramaswamy, Kishor"]
[Result "0-1"]
[WhiteElo "1644"]
[BlackElo "2015"]
[PlyCount "50"]
[GameId "2160767910968419"]
[EventDate "2005.05.13"]
[EventType "swiss"]
[EventRounds "5"]
[EventCountry "CAN"]
[SourceTitle "CBM 106 Extra"]
[Source "ChessBase"]
[SourceDate "2005.07.01"]
[SourceVersion "1"]
[SourceVersionDate "2005.07.01"]
[SourceQuality "1"]

1. e4 c6 2. c4 d5 3. exd5 cxd5 4. cxd5 Nf6 5. Nc3 Nxd5 6. d4 e6 7. Nf3 Bb4 8. Bd2 Nc6 9. Bd3 O-O 10. Qc2 Nf6 11. Be3 Be7 12. a3 b6 13. Rd1 Bb7 14. Ne5 g6 15. Qa4 Nxe5 16. dxe5 Nd5 17. Bh6 Nxc3 18. bxc3 Qd5 19. Bxf8 Qxe5+ 20. Kf1 Bxf8 21. Bb5 Qxc3 22. Rd7 Qc1+ 23. Ke2 Qb2+ 24. Kf1 Rc8 25. Bc4 Bc6 0-1

[Event "Quebec-ch qual. 2"]
[Site "Montreal CAN"]
[Date "2005.05.13"]
[Round "1"]
[White "Gauthier, Denis"]
[Black "Chan, Charles"]
[Result "1-0"]
[WhiteElo "1897"]
[BlackElo "1490"]
[PlyCount "53"]
[GameId "2160767910968420"]
[EventDate "2005.05.13"]
[EventType "swiss"]
[EventRounds "5"]
[EventCountry "CAN"]
[SourceTitle "CBM 106 Extra"]
[Source "ChessBase"]
[SourceDate "2005.07.01"]
[SourceVersion "1"]
[SourceVersionDate "2005.07.01"]
[SourceQuality "1"]

1. d4 Nf6 2. c4 e6 3. Nf3 Bb4+ 4. Nbd2 O-O 5. e3 b6 6. Bd3 Bb7 7. O-O Be7 8. e4 d6 9. Re1 Na6 10. a3 c5 11. d5 e5 12. Nf1 Bc8 13. h3 Nh5 14. Nxe5 dxe5 15. Qxh5 f6 16. Ng3 Qe8 17. Qxe8 Rxe8 18. Bd2 g6 19. f4 Bd6 20. Rf1 Bd7 21. Ne2 h5 22. Bc3 Kg7 23. Rf2 Re7 24. Raf1 Rf8 25. b3 Nc7 26. fxe5 Bxe5 27. d6 1-0

[Event "Quebec-ch qual. 2"]
[Site "Montreal CAN"]
[Date "2005.05.13"]
[Round "1"]
[White "Germain, Max jr"]
[Black "Malveau, Cedric"]
[Result "0-1"]
[WhiteElo "1579"]
[BlackElo "1980"]
[PlyCount "66"]
[GameId "2160767910968421"]
[EventDate "2005.05.13"]
[EventType "swiss"]
[EventRounds "5"]
[EventCountry "CAN"]
[SourceTitle "CBM 106 Extra"]
[Source "ChessBase"]
[SourceDate "2005.07.01"]
[SourceVersion "1"]
[SourceVersionDate "2005.07.01"]
[SourceQuality "1"]

1. Nf3 Nf6 2. c4 e6 3. Nc3 b6 4. g3 Bb7 5. Bg2 c5 6. O-O Nc6 7. b3 Be7 8. Bb2 O-O 9. e3 d5 10. d3 a6 11. Qe2 Qc7 12. e4 d4 13. Nd1 Nd7 14. Nd2 e5 15. f4 f6 16. Bh3 exf4 17. Be6+ Kh8 18. gxf4 Nd8 19. Bf5 g6 20. Bxd7 Qxd7 21. f5 Rg8 22. fxg6 Rxg6+ 23. Kf2 Nf7 24. Nf3 Qh3 25. Ke1 Ne5 26. Rf2 Rag8 27. Kd2 Rg2 28. Nxe5 fxe5 29. Rxg2 Rxg2 30. Nf2 Qxh2 31. Rf1 Bh4 32. Ke1 Rxf2 33. Rxf2 Qg1+ 0-1

[Event "Quebec-ch qual. 2"]
[Site "Montreal CAN"]
[Date "2005.05.13"]
[Round "1"]
[White "Libersan, Thierry"]
[Black "Joanis, Marc-Andre"]
[Result "1-0"]
[WhiteElo "2078"]
[BlackElo "1703"]
[PlyCount "49"]
[GameId "2160767910968423"]
[EventDate "2005.05.13"]
[EventType "swiss"]
[EventRounds "5"]
[EventCountry "CAN"]
[SourceTitle "CBM 106 Extra"]
[Source "ChessBase"]
[SourceDate "2005.07.01"]
[SourceVersion "1"]
[SourceVersionDate "2005.07.01"]
[SourceQuality "1"]

1. Nf3 Nf6 2. b3 d5 3. Bb2 c5 4. g3 g6 5. Bg2 Bg7 6. O-O O-O 7. d3 Nc6 8. Nbd2 b6 9. c4 e6 10. e3 Bb7 11. Ne5 Qc7 12. f4 Rfd8 13. Qe2 Rac8 14. Nxc6 Bxc6 15. Be5 Qb7 16. cxd5 Nxd5 17. Bxg7 Kxg7 18. Ne4 Rc7 19. g4 f6 20. f5 exf5 21. gxf5 g5 22. Qh5 Nxe3 23. Nxg5 Rxd3 24. Qxh7+ Kf8 25. Ne6+ 1-0

[Event "Quebec-ch qual. 2"]
[Site "Montreal CAN"]
[Date "2005.05.13"]
[Round "1"]
[White "Millette, Sylvain"]
[Black "Gilbert, Erick"]
[Result "0-1"]
[WhiteElo "1544"]
[BlackElo "1927"]
[PlyCount "30"]
[GameId "2160767910968424"]
[EventDate "2005.05.13"]
[EventType "swiss"]
[EventRounds "5"]
[EventCountry "CAN"]
[SourceTitle "CBM 106 Extra"]
[Source "ChessBase"]
[SourceDate "2005.07.01"]
[SourceVersion "1"]
[SourceVersionDate "2005.07.01"]
[SourceQuality "1"]

1. Nf3 Nc6 2. g3 e5 3. d3 d5 4. Bg2 Bc5 5. O-O Nge7 6. Nc3 O-O 7. e4 d4 8. Ne2 Bg4 9. Ne1 Qd7 10. f4 f5 11. fxe5 fxe4 12. Rxf8+ Rxf8 13. Bxe4 Nxe5 14. c3 dxc3+ 15. Kh1 Rf1+ 0-1

[Event "Quebec-ch qual. 2"]
[Site "Montreal CAN"]
[Date "2005.05.13"]
[Round "1"]
[White "Moore, Ronald"]
[Black "Chesnut, Walter"]
[Result "1-0"]
[WhiteElo "1722"]
[BlackElo "1436"]
[PlyCount "65"]
[GameId "2160767910968425"]
[EventDate "2005.05.13"]
[EventType "swiss"]
[EventRounds "5"]
[EventCountry "CAN"]

1. d4 d5 2. Bg5 Nc6 3. e3 Nf6 4. Nf3 Bg4 5. c3 e6 6. Nbd2 Be7 7. Bd3 O-O 8. Qc2 g6 9. Bh6 Re8 10. O-O-O Nd7 11. e4 Nb6 12. h3 Bxf3 13. Nxf3 e5 14. dxe5 Nxe5 15. Nxe5 Bg5+ 16. Kb1 Bxh6 17. Ng4 Bg7 18. exd5 Qxd5 19. Bxg6 Qxd1+ 20. Rxd1 hxg6 21. Qd2 Re7 22. Qg5 Re2 23. Rd8+ Re8 24. Rxe8+ Rxe8 25. Nf6+ Bxf6 26. Qxf6 Re6 27. Qd8+ Kg7 28. Qxc7 Re1+ 29. Kc2 Re2+ 30. Kb3 Rxf2 31. Qxb7 Re2 32. Qxa7 Nc8 33. Qd4+ 1-0

[Event "Quebec-ch qual. 2"]
[Site "Montreal CAN"]
[Date "2005.05.14"]
[Round "2"]
[White "Anastasovski, Nikola"]
[Black "Gauthier, Denis"]
[Result "1/2-1/2"]
[WhiteElo "2189"]
[BlackElo "1897"]
[PlyCount "142"]
[GameId "2160767910968428"]
[EventDate "2005.05.13"]
[EventType "swiss"]
[EventRounds "5"]
[EventCountry "CAN"]
[SourceTitle "CBM 106 Extra"]
[Source "ChessBase"]
[SourceDate "2005.07.01"]
[SourceVersion "1"]
[SourceVersionDate "2005.07.01"]
[SourceQuality "1"]

1. e4 d5 2. e5 c5 3. c3 Nc6 4. d4 e6 5. Be3 Qb6 6. Qd2 cxd4 7. cxd4 Bb4 8. Nc3 Nge7 9. Nf3 Bd7 10. Bd3 O-O-O 11. O-O Kb8 12. a3 Bxc3 13. bxc3 Qc7 14. Rab1 Na5 15. Bg5 Bc6 16. Rb4 Rc8 17. Bxe7 Qxe7 18. Rfb1 Rc7 19. Qb2 Rhc8 20. Nd2 f6 21. f4 g5 22. exf6 Qxf6 23. Bb5 b6 24. Ba6 Bb7 25. Bxb7 Rxb7 26. Rb5 Rcc7 27. fxg5 Qxg5 28. Re1 Rg7 29. Nf3 Qf6 30. Qe2 Rbe7 31. Qe5+ Qxe5 32. Nxe5 Rc7 33. Re3 Rg8 34. Nf3 Rf7 35. Nd2 Rfg7 36. g3 Rg6 37. Rb1 Kc7 38. Rf1 Kd6 39. Rf7 R6g7 40. Ref3 a6 41. Kf2 h5 42. R3f4 b5 43. Rxg7 Rxg7 44. Rf8 Rc7 45. Nb1 Nc4 46. Ra8 Rf7+ 47. Ke2 a5 48. Ra6+ Ke7 49. Ra7+ Kf6 50. Rxf7+ Kxf7 51. Kf3 Kg6 52. h3 Kf6 53. g4 hxg4+ 54. Kxg4 Kg6 55. Kh4 Kh6 56. Kg4 Kg6 57. Kh4 e5 58. dxe5 Nxe5 59. Kg3 Nc4 60. Kf4 Kf6 61. h4 Kg6 62. h5+ Kxh5 63. Kf5 Nxa3 64. Nxa3 b4 65. Nb1 bxc3 66. Nxc3 d4 67. Nb1 d3 68. Ke4 a4 69. Kxd3 Kg4 70. Kc3 Kf4 71. Kb4 a3 1/2-1/2

[Event "Quebec-ch qual. 2"]
[Site "Montreal CAN"]
[Date "2005.05.14"]
[Round "2"]
[White "Gilbert, Erick"]
[Black "Libersan, Thierry"]
[Result "0-1"]
[WhiteElo "1927"]
[BlackElo "2078"]
[PlyCount "98"]
[GameId "2160767910968429"]
[EventDate "2005.05.13"]
[EventType "swiss"]
[EventRounds "5"]
[EventCountry "CAN"]
[SourceTitle "CBM 106 Extra"]
[Source "ChessBase"]
[SourceDate "2005.07.01"]
[SourceVersion "1"]
[SourceVersionDate "2005.07.01"]
[SourceQuality "1"]

1. Nf3 c5 2. e4 e6 3. g3 d5 4. exd5 exd5 5. Qe2+ Be7 6. Bg2 Nf6 7. O-O O-O 8. Re1 Nc6 9. d3 Re8 10. Bg5 Bg4 11. c3 Qd7 12. Qf1 Bxf3 13. Bxf3 Qf5 14. Bxf6 Bxf6 15. Be2 Re7 16. Na3 Rae8 17. Rad1 g6 18. Nc2 d4 19. c4 Ne5 20. f4 Nxc4 21. g4 Qd7 22. dxc4 Bh4 23. Bf3 Bxe1 24. Nxe1 Qa4 25. Ra1 Qb4 26. Nd3 Qxc4 27. Ne5 Qxf1+ 28. Rxf1 f6 29. Nc4 b6 30. a4 Kf8 31. Kf2 Rb8 32. Re1 a6 33. Nd6 Rxe1 34. Kxe1 b5 35. axb5 axb5 36. Ne4 c4 37. Nxf6 Ke7 38. Nd5+ Kd6 39. f5 gxf5 40. gxf5 b4 41. Kd2 c3+ 42. Kd3 Rc8 43. bxc3 bxc3 44. Nb4 c2 45. Na2 Rc3+ 46. Nxc3 c1=Q 47. Kxd4 Qg1+ 48. Ke4 Qxh2 49. Nb5+ Kc5 0-1

[Event "Quebec-ch qual. 2"]
[Site "Montreal CAN"]
[Date "2005.05.14"]
[Round "2"]
[White "Louis, Jean-Kenel"]
[Black "Camy, Garry"]
[Result "0-1"]
[WhiteElo "1556"]
[BlackElo "1716"]
[PlyCount "108"]
[GameId "2160767910968431"]
[EventDate "2005.05.13"]
[EventType "swiss"]
[EventRounds "5"]
[EventCountry "CAN"]
[SourceTitle "CBM 106 Extra"]
[Source "ChessBase"]
[SourceDate "2005.07.01"]
[SourceVersion "1"]
[SourceVersionDate "2005.07.01"]
[SourceQuality "1"]

1. e4 c5 2. d3 Nc6 3. Nf3 g6 4. g3 Bg7 5. c3 d6 6. Bg2 Nf6 7. O-O O-O 8. Nbd2 Qc7 9. Re1 Bg4 10. h3 Bd7 11. Nf1 Qc8 12. Kh2 Nh5 13. Bg5 h6 14. Bd2 Kh7 15. Ne3 b5 16. Rb1 Rb8 17. Nh4 Ne5 18. Qe2 c4 19. dxc4 bxc4 20. Bc1 Nd3 21. Rd1 Be5 22. Qd2 Nxf2 23. Nf1 Nxd1 24. Qxh6+ Kg8 25. Nxg6 fxg6 26. Qxg6+ Ng7 27. Bg5 Nf2 28. Ne3 Bxh3 29. Nd5 Bxg3+ 30. Kg1 Qe6 31. Nxe7+ Kh8 32. Qxe6 Bxe6 33. Ng6+ Kh7 34. Nxf8+ Rxf8 35. Rf1 Rf7 36. Be3 Nd3 37. Rb1 Bf2+ 38. Bxf2 Rxf2 39. Bf1 Rd2 40. a3 Nh5 41. Bxd3 Rxd3 42. Kf2 Nf6 43. Re1 Kg6 44. Rg1+ Ng4+ 45. Ke2 Kf6 46. Rf1+ Ke5 47. Rf8 Kxe4 48. Re8 Re3+ 49. Kd2 Kf4 50. Rf8+ Bf5 51. Ra8 Kf3 52. Rxa7 Re2+ 53. Kc1 Ne3 54. Rf7 Re1+ 0-1

[Event "Quebec-ch qual. 2"]
[Site "Montreal CAN"]
[Date "2005.05.14"]
[Round "2"]
[White "Malveau, Cedric"]
[Black "Moore, Ronald"]
[Result "1-0"]
[WhiteElo "1980"]
[BlackElo "1722"]
[PlyCount "107"]
[GameId "2160767910968432"]
[EventDate "2005.05.13"]
[EventType "swiss"]
[EventRounds "5"]
[EventCountry "CAN"]
[SourceTitle "CBM 106 Extra"]
[Source "ChessBase"]
[SourceDate "2005.07.01"]
[SourceVersion "1"]
[SourceVersionDate "2005.07.01"]
[SourceQuality "1"]

1. d4 f5 2. Nf3 Nf6 3. g3 e6 4. Bg2 d5 5. O-O Bd6 6. c4 c6 7. cxd5 exd5 8. Nc3 O-O 9. Bg5 h6 10. Bxf6 Qxf6 11. a3 a5 12. e3 Nd7 13. Ne2 Qf7 14. Nc1 Nf6 15. Nd3 Re8 16. Nfe5 Bxe5 17. Nxe5 Qh5 18. Qxh5 Nxh5 19. b4 axb4 20. axb4 Be6 21. Rab1 Rec8 22. Rfc1 Nf6 23. Nd3 Nd7 24. Rb2 Ra3 25. Nf4 Bf7 26. Bxd5 Nb6 27. Bxf7+ Kxf7 28. b5 Na4 29. Rbc2 g5 30. Ne2 h5 31. bxc6 bxc6 32. Rxc6 Rxc6 33. Rxc6 Nb2 34. Nc3 Nd3 35. Kf1 Ra1+ 36. Ke2 Ne1 37. Nd5 g4 38. Rf6+ Kg7 39. Rxf5 Kg6 40. Ne7+ Kh6 41. d5 Nf3 42. Rxf3 gxf3+ 43. Kxf3 Kg7 44. h4 Kf6 45. Nc6 Rd1 46. e4 Rd2 47. Ke3 Rd1 48. e5+ Kf5 49. e6 Re1+ 50. Kd2 Re4 51. f3 Ra4 52. e7 Ra2+ 53. Kd3 Ra3+ 54. Kd4 1-0

[Event "Quebec-ch qual. 2"]
[Site "Montreal CAN"]
[Date "2005.05.14"]
[Round "2"]
[White "O'Connor, Michael"]
[Black "Samson, Gaetan"]
[Result "0-1"]
[WhiteElo "1802"]
[BlackElo "1791"]
[PlyCount "62"]
[GameId "2160767910968433"]
[EventDate "2005.05.13"]
[EventType "swiss"]
[EventRounds "5"]
[EventCountry "CAN"]
[SourceTitle "CBM 106 Extra"]
[Source "ChessBase"]
[SourceDate "2005.07.01"]
[SourceVersion "1"]
[SourceVersionDate "2005.07.01"]
[SourceQuality "1"]

1. d4 Nf6 2. Nf3 g6 3. c4 Bg7 4. Nc3 O-O 5. e4 d6 6. Be2 Nc6 7. O-O e5 8. d5 Ne7 9. Rb1 Ne8 10. b4 f5 11. Nd2 Nf6 12. f3 f4 13. c5 g5 14. Nc4 a6 15. Qb3 Ng6 16. cxd6 cxd6 17. b5 g4 18. bxa6 bxa6 19. Qb6 gxf3 20. Bxf3 Nh4 21. Qxd6 Nxf3+ 22. Rxf3 Bg4 23. Rd3 Nd7 24. Ba3 Rf6 25. Qe7 Qc7 26. Qb4 Rb8 27. Qa4 Rxb1+ 28. Nxb1 Be2 29. Rc3 Qa7+ 30. Kh1 Qf2 31. Rc1 Bf1 0-1

[Event "Quebec-ch qual. 2"]
[Site "Montreal CAN"]
[Date "2005.05.14"]
[Round "2"]
[White "Ramaswamy, Kishor"]
[Black "Julien, Gabi"]
[Result "1-0"]
[WhiteElo "2015"]
[BlackElo "1824"]
[PlyCount "73"]
[GameId "2160767910968434"]
[EventDate "2005.05.13"]
[EventType "swiss"]
[EventRounds "5"]
[EventCountry "CAN"]
[SourceTitle "CBM 106 Extra"]
[Source "ChessBase"]
[SourceDate "2005.07.01"]
[SourceVersion "1"]
[SourceVersionDate "2005.07.01"]
[SourceQuality "1"]

1. d4 Nf6 2. Nf3 g6 3. Bg5 Bg7 4. Nbd2 O-O 5. e3 d6 6. Bc4 c5 7. c3 Bg4 8. h3 Bxf3 9. Nxf3 d5 10. Bb3 cxd4 11. exd4 Nc6 12. O-O e6 13. Ne5 Qd6 14. Nd3 Ne4 15. Bf4 Qe7 16. f3 Nf6 17. Re1 Na5 18. Be5 Nxb3 19. axb3 Nd7 20. Bxg7 Kxg7 21. Qe2 Rfc8 22. Ra2 Qf6 23. b4 a6 24. Nc5 Nxc5 25. bxc5 Qf5 26. b4 Re8 27. Qe5+ Qxe5 28. Rxe5 f6 29. Re1 Kf7 30. f4 Rac8 31. g4 Re7 32. Kf2 Rc6 33. Rae2 b6 34. c4 Rec7 35. f5 bxc5 36. fxe6+ Ke8 37. cxd5 1-0

[Event "Quebec-ch qual. 2"]
[Site "Montreal CAN"]
[Date "2005.05.14"]
[Round "2"]
[White "Rodriguez, Aaron"]
[Black "Plante, Michel"]
[Result "1-0"]
[WhiteElo "1837"]
[BlackElo "1987"]
[PlyCount "77"]
[GameId "2160767910968435"]
[EventDate "2005.05.13"]
[EventType "swiss"]
[EventRounds "5"]
[EventCountry "CAN"]
[SourceTitle "CBM 106 Extra"]
[Source "ChessBase"]
[SourceDate "2005.07.01"]
[SourceVersion "1"]
[SourceVersionDate "2005.07.01"]
[SourceQuality "1"]

1. e4 d6 2. d4 Nf6 3. Nc3 g6 4. f3 c6 5. Be3 Qb6 6. Na4 Qa5+ 7. Nc3 Qb6 8. Na4 Qa5+ 9. Nc3 b5 10. a3 Bb7 11. Qd2 Nbd7 12. Be2 e5 13. d5 cxd5 14. Nxb5 Qxd2+ 15. Bxd2 Ke7 16. Bb4 Nc5 17. O-O-O d4 18. c3 a5 19. cxd4 Nb3+ 20. Kc2 Nxd4+ 21. Rxd4 exd4 22. Bxd6+ Kd7 23. Be5 Be7 24. Nxd4 Rhc8+ 25. Kd2 Ba6 26. Bd1 Ke8 27. Ba4+ Kf8 28. Bc6 Ra7 29. Nge2 Rd8 30. Rc1 Nd7 31. Bf4 Nc5 32. Bd5 Rc8 33. Nc6 Rb7 34. b4 axb4 35. axb4 Rxc6 36. bxc5 Rb2+ 37. Kc3 Rxe2 38. Bxc6 Bxc5 39. Ra1 1-0

[Event "Quebec-ch qual. 2"]
[Site "Montreal CAN"]
[Date "2005.05.14"]
[Round "3"]
[White "Duplessis, Jean-Roch"]
[Black "Gilbert, Erick"]
[Result "0-1"]
[WhiteElo "1644"]
[BlackElo "1927"]
[PlyCount "52"]
[GameId "2160767910968436"]
[EventDate "2005.05.13"]
[EventType "swiss"]
[EventRounds "5"]
[EventCountry "CAN"]
[SourceTitle "CBM 106 Extra"]
[Source "ChessBase"]
[SourceDate "2005.07.01"]
[SourceVersion "1"]
[SourceVersionDate "2005.07.01"]
[SourceQuality "1"]

1. e4 c5 2. Nf3 Nc6 3. d4 cxd4 4. Nxd4 g6 5. Be3 Nf6 6. Nc3 Bg7 7. Nxc6 bxc6 8. e5 Ng8 9. Bd4 Nh6 10. e6 Bxd4 11. Qxd4 O-O 12. exf7+ Nxf7 13. O-O-O e5 14. Qd2 d5 15. h4 Be6 16. f3 Rb8 17. Bd3 Qa5 18. b3 Qa3+ 19. Kb1 d4 20. Ne4 c5 21. Ng5 Nxg5 22. Qxg5 Rb6 23. Bxg6 Bxb3 24. Bd3+ Rg6 25. Bxg6 Bxa2+ 26. Ka1 Bf7+ 0-1

[Event "Quebec-ch qual. 2"]
[Site "Montreal CAN"]
[Date "2005.05.14"]
[Round "3"]
[White "Julien, Gabi"]
[Black "Soskic, Radmilo"]
[Result "0-1"]
[WhiteElo "1824"]
[BlackElo "1624"]
[PlyCount "44"]
[GameId "2160767910968437"]
[EventDate "2005.05.13"]
[EventType "swiss"]
[EventRounds "5"]
[EventCountry "CAN"]
[SourceTitle "CBM 106 Extra"]
[Source "ChessBase"]
[SourceDate "2005.07.01"]
[SourceVersion "1"]
[SourceVersionDate "2005.07.01"]
[SourceQuality "1"]

1. e4 e5 2. Nc3 Nf6 3. f4 d6 4. Nf3 Nc6 5. Be2 Be7 6. O-O O-O 7. d3 Bd7 8. a3 a6 9. Nd5 Nxd5 10. exd5 Nd4 11. fxe5 Nxf3+ 12. Bxf3 Bg5 13. exd6 cxd6 14. Re1 Bxc1 15. Qxc1 Qb6+ 16. Kh1 Rae8 17. b4 Qd4 18. Be4 Qc3 19. Rf1 f5 20. Bf3 Re5 21. Qf4 Rfe8 22. Qc4 Qxa1 0-1

[Event "Quebec-ch qual. 2"]
[Site "Montreal CAN"]
[Date "2005.05.14"]
[Round "3"]
[White "Libersan, Thierry"]
[Black "Malveau, Cedric"]
[Result "1/2-1/2"]
[WhiteElo "2078"]
[BlackElo "1980"]
[PlyCount "77"]
[GameId "2160767910968439"]
[EventDate "2005.05.13"]
[EventType "swiss"]
[EventRounds "5"]
[EventCountry "CAN"]
[SourceTitle "CBM 106 Extra"]
[Source "ChessBase"]
[SourceDate "2005.07.01"]
[SourceVersion "1"]
[SourceVersionDate "2005.07.01"]
[SourceQuality "1"]

1. e4 c5 2. Nf3 d6 3. d4 cxd4 4. Nxd4 Nf6 5. Nc3 a6 6. Bc4 e6 7. Bb3 Be7 8. f3 Nbd7 9. Bxe6 fxe6 10. Nxe6 Qa5 11. Nxg7+ Kf7 12. Nf5 Ne5 13. Nxe7 Kxe7 14. O-O Rg8 15. Qe1 Nc4 16. Kh1 Qh5 17. b3 Ne5 18. Nd5+ Nxd5 19. exd5 Kf7 20. Bf4 Bd7 21. Bxe5 dxe5 22. f4 e4 23. c4 Rae8 24. Qe3 Rg6 25. Rf2 Qf5 26. Re1 Qf6 27. a4 Bf5 28. b4 Qd6 29. Qb3 e3 30. Rxe3 Rxe3 31. Qxe3 Qxb4 32. Re2 Bd7 33. c5 Qb1+ 34. Re1 Qf5 35. Qe7+ Kg8 36. Qd8+ Kg7 37. Qe7+ Kg8 38. Qd8+ Kg7 39. Qe7+ 1/2-1/2

[Event "Quebec-ch qual. 2"]
[Site "Montreal CAN"]
[Date "2005.05.14"]
[Round "3"]
[White "Moore, Ronald"]
[Black "Germain, Max jr"]
[Result "0-1"]
[WhiteElo "1722"]
[BlackElo "1579"]
[PlyCount "86"]
[GameId "2160767910968440"]
[EventDate "2005.05.13"]
[EventType "swiss"]
[EventRounds "5"]
[EventCountry "CAN"]
[SourceTitle "CBM 106 Extra"]
[Source "ChessBase"]
[SourceDate "2005.07.01"]
[SourceVersion "1"]
[SourceVersionDate "2005.07.01"]
[SourceQuality "1"]

1. d4 Nf6 2. Bg5 e6 3. Nd2 d5 4. e3 Be7 5. Bd3 Nbd7 6. f4 h6 7. Bh4 c5 8. c3 c4 9. Bc2 b5 10. Ngf3 b4 11. Ne5 Nxe5 12. fxe5 bxc3 13. bxc3 Nd7 14. Bxe7 Qxe7 15. O-O O-O 16. e4 Bb7 17. exd5 exd5 18. Qg4 Bc8 19. Qf5 g6 20. Qf4 Kg7 21. Rf3 Nb6 22. Raf1 Be6 23. a4 a5 24. Rb1 Rab8 25. Rb5 Nd7 26. Rf1 Rxb5 27. axb5 Qa3 28. Qe3 Qb2 29. Bd1 Qxb5 30. Be2 Qc6 31. Ra1 a4 32. h4 f5 33. exf6+ Rxf6 34. Nf3 Bf5 35. Ne5 Nxe5 36. dxe5 Rf7 37. g4 Be4 38. Qd4 Kh7 39. Bd1 Qb5 40. Qd2 Qc5+ 41. Qd4 Qb5 42. Qd2 Qb6+ 43. Qd4 Qb2 0-1

[Event "Quebec-ch qual. 2"]
[Site "Montreal CAN"]
[Date "2005.05.14"]
[Round "3"]
[White "Rodriguez, Aaron"]
[Black "Ramaswamy, Kishor"]
[Result "0-1"]
[WhiteElo "1837"]
[BlackElo "2015"]
[PlyCount "72"]
[GameId "2160767910968442"]
[EventDate "2005.05.13"]
[EventType "swiss"]
[EventRounds "5"]
[EventCountry "CAN"]
[SourceTitle "CBM 106 Extra"]
[Source "ChessBase"]
[SourceDate "2005.07.01"]
[SourceVersion "1"]
[SourceVersionDate "2005.07.01"]
[SourceQuality "1"]

1. e4 c6 2. d4 d5 3. Nc3 dxe4 4. Nxe4 Nf6 5. Ng3 h5 6. h4 Bg4 7. Be2 Bxe2 8. N1xe2 Nbd7 9. Bf4 e6 10. Nc3 Nb6 11. Nge4 Nbd5 12. Bg5 Nxc3 13. Nxc3 Qb6 14. Na4 Qa5+ 15. c3 Ne4 16. Be3 O-O-O 17. Qc2 Nd6 18. Nc5 Nf5 19. Nb3 Qd5 20. O-O-O Qxg2 21. Bf4 Qf3 22. Be5 f6 23. Bh2 Nxh4 24. Rhe1 Qh3 25. Bg3 Nf5 26. Rxe6 Nxg3 27. Re3 Bd6 28. Kb1 Rde8 29. Rxe8+ Rxe8 30. fxg3 Bxg3 31. Qg6 Re7 32. Rf1 Bf2 33. Rc1 Qg4 34. Qd3 Qe4 35. Qxe4 Rxe4 36. Nc5 Re1 0-1

[Event "Quebec-ch qual. 2"]
[Site "Montreal CAN"]
[Date "2005.05.14"]
[Round "3"]
[White "Samson, Gaetan"]
[Black "Anastasovski, Nikola"]
[Result "0-1"]
[WhiteElo "1791"]
[BlackElo "2189"]
[PlyCount "86"]
[GameId "2160767910968443"]
[EventDate "2005.05.13"]
[EventType "swiss"]
[EventRounds "5"]
[EventCountry "CAN"]
[SourceTitle "CBM 106 Extra"]
[Source "ChessBase"]
[SourceDate "2005.07.01"]
[SourceVersion "1"]
[SourceVersionDate "2005.07.01"]
[SourceQuality "1"]

1. e4 e5 2. Nf3 Nc6 3. Bb5 f5 4. Bxc6 dxc6 5. O-O fxe4 6. Nxe5 Nf6 7. d4 Bd6 8. Nc3 Qe7 9. Bg5 Bf5 10. Nc4 O-O-O 11. Ne3 Bg6 12. a3 Kb8 13. b4 a6 14. Na4 Qf7 15. c4 h6 16. Bh4 Bh5 17. Qd2 g5 18. Bg3 Bf4 19. h3 Rhf8 20. Nb2 Qd7 21. c5 Qxd4 22. Qxd4 Rxd4 23. Nf5 Rd2 24. Nc4 Rd3 25. Nxh6 Rfd8 26. Ne5 Rxg3 27. Nxc6+ bxc6 28. fxg3 Be5 29. Ra2 e3 30. g4 Bg6 31. Nf5 Bxf5 32. gxf5 Rd2 33. Rxd2 exd2 34. Kf2 Bc3 35. Ke2 a5 36. g4 axb4 37. axb4 Kc8 38. h4 gxh4 39. g5 Ne4 40. Kd3 Nf2+ 41. Kxc3 d1=Q 42. Rxd1 Nxd1+ 43. Kd2 Kd8 0-1

[Event "Quebec-ch qual. 2"]
[Site "Montreal CAN"]
[Date "2005.05.15"]
[Round "4"]
[White "Gauthier, Denis"]
[Black "Samson, Gaetan"]
[Result "1-0"]
[WhiteElo "1897"]
[BlackElo "1791"]
[PlyCount "57"]
[GameId "2160767910968444"]
[EventDate "2005.05.13"]
[EventType "swiss"]
[EventRounds "5"]
[EventCountry "CAN"]
[SourceTitle "CBM 106 Extra"]
[Source "ChessBase"]
[SourceDate "2005.07.01"]
[SourceVersion "1"]
[SourceVersionDate "2005.07.01"]
[SourceQuality "1"]

1. d4 Nf6 2. c4 g6 3. Nc3 Bg7 4. Nf3 O-O 5. Bf4 d6 6. h3 Nbd7 7. e3 c5 8. Be2 b6 9. d5 a6 10. a4 Nb8 11. e4 a5 12. O-O Na6 13. Qd2 Nb4 14. Bh6 Bd7 15. Bxg7 Kxg7 16. Nh2 e5 17. f4 Qe7 18. Rf2 Nh5 19. Bxh5 gxh5 20. Raf1 Kh8 21. fxe5 Qxe5 22. Rxf7 Rxf7 23. Rxf7 Bxh3 24. Nf3 Qg3 25. Qg5 Qxg5 26. Nxg5 Bg4 27. Rxh7+ Kg8 28. Nb5 Nd3 29. Nxd6 1-0

[Event "Quebec-ch qual. 2"]
[Site "Montreal CAN"]
[Date "2005.05.15"]
[Round "4"]
[White "Germain, Max jr"]
[Black "Plante, Michel"]
[Result "1-0"]
[WhiteElo "1579"]
[BlackElo "1987"]
[PlyCount "86"]
[GameId "2160767910968445"]
[EventDate "2005.05.13"]
[EventType "swiss"]
[EventRounds "5"]
[EventCountry "CAN"]
[SourceTitle "CBM 106 Extra"]
[Source "ChessBase"]
[SourceDate "2005.07.01"]
[SourceVersion "1"]
[SourceVersionDate "2005.07.01"]
[SourceQuality "1"]

1. d4 d5 2. Nf3 Nf6 3. c4 e6 4. Bg5 c6 5. Nbd2 Nbd7 6. e3 Qa5 7. a3 Ne4 8. c5 Nxg5 9. Nxg5 h6 10. Ngf3 e5 11. Nxe5 Nxe5 12. b4 Qc7 13. dxe5 Qxe5 14. Be2 g6 15. O-O Bg7 16. Ra2 O-O 17. Nb3 f5 18. Nd4 f4 19. Qd3 Bd7 20. Nf3 Qf6 21. e4 Be6 22. exd5 Bxd5 23. Rd2 Rad8 24. Qc2 Bf7 25. Bc4 Rxd2 26. Bxf7+ Kxf7 27. Nxd2 Re8 28. Ne4 Rxe4 29. Qxe4 Qe5 30. Qc4+ Kf8 31. Qd3 g5 32. Rd1 Bf6 33. Qg6 Bg7 34. h3 Qe8 35. Qf5+ Kg8 36. h4 gxh4 37. Qxf4 Qe7 38. Qf5 b6 39. cxb6 axb6 40. Qc8+ Bf8 41. Qxc6 h3 42. gxh3 Bg7 43. Qd5+ Kh7 1-0